000 00515nam a2200217Ia 4500
003 OSt
005 20220928143522.0
006 a|||||r|||| 00| 0
007 ta
008 220927b |||||||| |||| 00| 0 eng d
024 _a22296
037 _cTextual
040 _aSDCL
_cSDCL
_beng
041 _2eng
_aeng
082 _aQ:g, M2
100 _aGhose J C
_9505557
245 0 _aCharacter of ancint reigion.
260 _c1982
942 _hQ:g, M2
_cTEXL
_2CC
999 _c824294
_d824294